MBT: the answer to Britain's waste problems? (Record no. 74915)

MARC details
000 -LEADER
fixed length control field 01519cab a2200205 4500
001 - CONTROL NUMBER
control field ABS68879
008 - FIXED-LENGTH DATA ELEMENTS--GENERAL INFORMATION
fixed length control field 050314n2005 000 0 eng u
035 ## - SYSTEM CONTROL NUMBER
System control number (Sirsi) u129045
245 ## - TITLE STATEMENT
Title MBT: the answer to Britain's waste problems?
260 ## - PUBLICATION, DISTRIBUTION, ETC.
Date of publication, distribution, etc. 2005
490 ## - SERIES STATEMENT
Series statement ENDS Report
Volume/sequential designation (361) February 2005, 25-28(4)
520 ## - SUMMARY, ETC.
Summary, etc. Investigates Mechanical/Biological Treatment (MBT), those processes that use mechanical and biological techniques to sort, separate and treat municipal waste. MBT has become the most talked about form of municipal waste management in Britain over the last year and is heralded as enabling local authorities to meet their targets for diverting biodegradable municipal waste from landfill. Asks whether MBT with several plants commencing in 2006 is the answer to local authorities' waste problems.Considers systems that produce Refuse-Derived Fuels (RDFs) and the alternative systems, which do not produce RDFs. RDFs are not currently eligible for Renewable Obligations Certificates (ROCs) whereas the refined renewable biomass fuels being developed are likely to be eligible and may be soon reclassified as fuels rather than waste. Concludes that MBT's success depends on the development of markets for RDFs and if they become eligible for ROCs. Table covers MBT projects in Britain.
590 ## - LOCAL NOTE (RLIN)
Local note ABS
650 ## - SUBJECT ADDED ENTRY--TOPICAL TERM
Topical term or geographic name entry element WASTE TREATMENT
650 ## - SUBJECT ADDED ENTRY--TOPICAL TERM
Topical term or geographic name entry element LANDFILL
650 ## - SUBJECT ADDED ENTRY--TOPICAL TERM
Topical term or geographic name entry element DIRECTIVE 99/31/EC
650 ## - SUBJECT ADDED ENTRY--TOPICAL TERM
Topical term or geographic name entry element PFI
690 ## - LOCAL SUBJECT ADDED ENTRY--TOPICAL TERM (OCLC, RLIN)
Topical term or geographic name as entry element ENVIRONMENTAL AND LAND CONSULTANCY-WASTE MANAGEMENT
942 ## - ADDED ENTRY ELEMENTS (KOHA)
Suppress in OPAC 0
Holdings
Withdrawn status Lost status Source of classification or shelving scheme Damaged status Not for loan Home library Current library Shelving location Date acquired Total Checkouts Full call number Barcode Date last seen Copy number Price effective from Koha item type
    Dewey Decimal Classification     London London Journal article 14/03/2005   ABS68879 129045-1001 06/08/2019 1 06/08/2019 Journal article